| 000 | 00336nam a22001217a 4500 | ||
|---|---|---|---|
| 008 | 170908b xxu||||| |||| 00| 0 eng d | ||
| 041 | _aeng | ||
| 080 | _a91 | ||
| 100 | _a42 | ||
| 101 | _aGJEO | ||
| 245 |
_aARCTIC AND ANTARCTIC SEA ICE, 1978-1987: SATELLITE PASSIVE-MICROWAVE OBSERVATIONS AND ANALYSIS _cCAMPBELL,W.J |
||
| 942 |
_2udc _cBK |
||
| 999 |
_c26801 _d26801 |
||